000 00408nam a22001217a 4500
082 _aTHE 200
100 _aIRFAN HAMEED,
_972869
245 _aTH-SOF-0617-OPTIMIZATION OF SUPPLY CHAIN MANAGEMENT OF ENGINEERING SUPPORT (MT SPARE PARTS OF B-VEHICLES) TO PAKISTAN ARMY
260 _aNUST COLLEGE OF EME
_bISLAMABAD
_c2018
650 _a MS-EM-3 MSTHESIS
700 _a DR MUHAMMAD ABBAS CHOUDHARY
942 _cCF
999 _c578843
_d578843